LEADER 01467nam a2200313 u 4500 001 000000067922 003 CaOOAMICUS 005 20070226121736.0 008 020222s1973 it u000 u ita u 035 $a10921721 040 $aPUL(R)$bita 245 03$aIl cardinale Gasparri e la questione romana :$b(con brani delle Memorie inedite) /$ca cura di Giovanni Spadolini. 250 $a2. ed. 260 $aFirenze :$bF. Le Monnier,$c1972. 300 $aix, 365 p. ;$c21 cm 490 1 $aQuaderni di storia ;$v23 500 $aContiene brani inediti delle Memorie del cardinale Pietro Gasparri. 650 4$aChiesa e stato$zItalia$ySec. XX.$0(OLS)http://pul/subject/2356 650 4$aQuestione romana.$0(OLS)http://pul/subject/3096 651 4$aItalia$xStoria ecclesiastica$ySec. XX.$0(OLS)http://pul/subject/11772 700 1 $aSpadolini, Giovanni,$d1925-1994.$0(OLS)http://pul/name/739 700 1 $aGasparri, Pietro,$ccard.,$d1852-1934.$0(OLS)http://pul/name/9742 830 0$aQuaderni di storia (Le Monnier) ;$v23.$0(OLS)http://pul/title/37700 850 $aPUL 852 $aPUL$W1$xSL Filosofia 1$y2$m112(1) D 5$j87916$nBK-PRI$b $qStampati$B87916$CPULBib$Z2$F87916 $H $81 941 1 $a8 961 $aINV: 45891 996 $6245$aIl cardinale Gasparri e la questione romana :$b(con brani delle Memorie inedite)$9(OLS)http://pul/title/89943 996 $6260$aFirenze :$bF. Le Monnier$9(OLS)http://pul/publisher/48145 LEADER 01242nam a2200301 u 4500 001 000000046702 003 CaOOAMICUS 005 20070226114813.0 008 990716s1993 it u000 u ita u 020 $a8810502094 035 $a10830019 040 $aPUL(R)$bita 100 1 $aBiagi, Lorenzo,$d1958-$0(OLS)http://pul/name/34001 245 13$aLa pena di vivere :$bil problema morale nel suicidio /$cLorenzo Biagi. 260 $a[Bologna] :$bEdizioni Dehoniane,$c[1993] 300 $a278 p. ;$c20 cm 490 1 $aTemi etici nella storia 504 $aBibliografia a pič pagina. 650 4$aSuicidio$xAspetti morali ed etici.$0(OLS)http://pul/subject/17987 650 4$aTeologia morale.$0(OLS)http://pul/subject/1500 830 0$aTemi etici nella storia.$0(OLS)http://pul/title/52418 850 $aPUL 852 $aPUL$W1$xSL Religione 1$y3$m39 C 20$j62536$nBK-PRI$b $qStampati$B62536$CPULBib$Z2$F62536 $H $81 941 1 $a8 961 $aINV: 70521 996 $6020$a8810502094$9(OLS)http://pul/number/58232 996 $6245$aLa pena di vivere :$bil problema morale nel suicidio$9(OLS)http://pul/title/62876 996 $6260$a[Bologna] :$bEdizioni Dehoniane$9(OLS)http://pul/publisher/66554